Исследование вращательной структуры «запрещенной» полосы N8 молекулы C2H2D2-CIS; Известия вузов. Физика; Т. 60, № 9
| Parent link: | Известия вузов. Физика: научный журнал/ Национальный исследовательский Томский государственный университет (ТГУ) Т. 60, № 9.— 2017.— [С. 107-112] |
|---|---|
| Autor principal: | |
| Autor corporatiu: | |
| Sumari: | Заглавие с экрана Спектр молекулы cis-этилен-d2 (C2H2D2-cis) зарегистрирован на фурье-спектрометре Bruker IFS 120 HR в области 600-1200 см-1 с разрешением 0.0021 см-1. В результате анализа экспериментального спектра было впервые проинтерпретировано 36 переходов, на основе которых было определено семь значений верхнего энергетического состояния ( v 8 = 1) (полоса ν8запрещена по симметрии и её переходы проявляются в ИК-спектре вследствие сильного взаимодействия типа Кориолиса с -типа между состояниями ( v 8 = 1) и ( v 7 = 1)). Получены параметры, описывающие вращательную структуру полосы ν8. Режим доступа: по договору с организацией-держателем ресурса |
| Idioma: | rus |
| Publicat: |
2017
|
| Matèries: | |
| Accés en línia: | https://elibrary.ru/item.asp?id=30013506& |
| Format: | Electrònic Capítol de llibre |
| KOHA link: | https://koha.lib.tpu.ru/cgi-bin/koha/opac-detail.pl?biblionumber=655914 |
MARC
| LEADER | 00000naa0a2200000 4500 | ||
|---|---|---|---|
| 001 | 655914 | ||
| 005 | 20250409160352.0 | ||
| 035 | |a (RuTPU)RU\TPU\network\22254 | ||
| 090 | |a 655914 | ||
| 100 | |a 20171012d2017 k||y0rusy50 ca | ||
| 101 | 0 | |a rus | |
| 102 | |a RU | ||
| 135 | |a drcn ---uucaa | ||
| 181 | 0 | |a i | |
| 182 | 0 | |a b | |
| 200 | 1 | |a Исследование вращательной структуры «запрещенной» полосы N8 молекулы C2H2D2-CIS |f Ю. В. Конова | |
| 203 | |a Текст |c электронный | ||
| 300 | |a Заглавие с экрана | ||
| 320 | |a [Библиогр.: 25 назв.] | ||
| 330 | |a Спектр молекулы cis-этилен-d2 (C2H2D2-cis) зарегистрирован на фурье-спектрометре Bruker IFS 120 HR в области 600-1200 см-1 с разрешением 0.0021 см-1. В результате анализа экспериментального спектра было впервые проинтерпретировано 36 переходов, на основе которых было определено семь значений верхнего энергетического состояния ( v 8 = 1) (полоса ν8запрещена по симметрии и её переходы проявляются в ИК-спектре вследствие сильного взаимодействия типа Кориолиса с -типа между состояниями ( v 8 = 1) и ( v 7 = 1)). Получены параметры, описывающие вращательную структуру полосы ν8. | ||
| 333 | |a Режим доступа: по договору с организацией-держателем ресурса | ||
| 461 | |t Известия вузов. Физика |o научный журнал |f Национальный исследовательский Томский государственный университет (ТГУ) | ||
| 463 | |t Т. 60, № 9 |v [С. 107-112] |d 2017 | ||
| 610 | 1 | |a труды учёных ТПУ | |
| 610 | 1 | |a электронный ресурс | |
| 610 | 1 | |a этилен | |
| 610 | 1 | |a вращательные спектры | |
| 700 | 1 | |a Конова |b Ю. В. |c физик |c техник Томского политехнического университета |f 1992- |g Юлия Владимировна |y Томск |3 (RuTPU)RU\TPU\pers\39624 |9 21025 | |
| 712 | 0 | 2 | |a Национальный исследовательский Томский политехнический университет (ТПУ) |b Физико-технический институт (ФТИ) |b Кафедра общей физики (ОФ) |3 (RuTPU)RU\TPU\col\18734 |
| 801 | 2 | |a RU |b 63413507 |c 20171012 |g RCR | |
| 856 | 4 | 0 | |u https://elibrary.ru/item.asp?id=30013506& |
| 942 | |c CF | ||